000 00464cam a22001934a 4500
005 20250605164317.0
008 250528s ||||||||||||||||||||||||d
035 _a22738
020 _a9781403921895
040 _aGR-AtMCL
_bgre
_dGR-AtMCL
_eAACR2
245 1 _aFOUNDATIONS OF PSYCHOTHERAPY
250 _a1
260 _bPalgrave Macmillan,
_c2005
300 _a202
700 1 _aHorrocks Roger
_98447
942 _cBK
999 _c7783
_d7783